000 01790nam a2200385 i 4500
001 196858
003 ES-MaACL
005 20250813083338.0
007 ta
008 890621s1844 sp a spa d
016 7 _abimoBNE20010165237
_zBNPAB00095459
_2SpMaBN
035 _a(OCoLC)433701380
035 _a(SpMaBN)bimo0001647576
035 _a991005299639708606
040 _aSpMaBN
_bspa
_cPAB
245 0 4 _aLas actas verdaderas de los martires
_bó sean procesos verbales /
_csacadas, corregidas y publicadas en latín... por Teodorico Ruinart con el titulo de Acta primorum martyrum sincera et selecta
250 _aNueva ed. en castellano aum. /
_bcon las actas de otros santos mártires españoles, é ilustrada con las traducción de la... obra de los Tormentos de los martires escrita en italiano y después en latín por Antonio Galonio..., traducida del latin por P. Fuentes
260 _aMadrid
_b[s.n.]
_c1844
_f(Imprenta de la Sociedad de Operarios del mismo arte)
300 _a3 v. ;
_bgrabados ;
_c24 cm
336 _2rdacontent
_atexto
337 _2rdamedia
_asin mediación
338 _2rdacarrier
_avolumen
505 _aContiene Tomo I.-II. -- Tomo IIII
650 7 _aActas de los mártires
_2embne
_9239437
700 1 _aGalonio, Antonio.
_tTormento de los santos mártires
_9239438
700 1 _aRuinart, Thierry,
_d1657-1709
_9239439
700 1 _aFuentes, Primitivo
_9127167
852 _aES-MaACL
_jG-16019
_pv.1-2
852 _aES-MaACL
_jG-16020
_pv.3
_cDEPO2
856 4 1 _uhttp://bdh-rd.bne.es/viewer.vm?id=0000260095&page=1
_zAcceso a texto completo
_yBiblioteca Digital Hispánica
942 _n0
_cMONANT
999 _c196858
_d196858